| 000 | 01155nam a22002777a 4500 | ||
|---|---|---|---|
| 005 | 20130704130246.0 | ||
| 008 | 090714t xxu||||| |||| 00| 0 hin d | ||
| 010 | _aHIN-99697 | ||
| 020 |
_a9788190683753 _c175.00 |
||
| 035 | _aHN-72043 | ||
| 037 | _bDBAD / PUB | ||
| 040 |
_adpl _bhn |
||
| 082 | _a954.01 | ||
| 100 | _aपाठक, कृष्णा कान्त | ||
| 245 |
_aआर्यायण शाकद्वीप से जम्बूद्वीप / _cकृष्णा कान्त पाठक |
||
| 246 |
_aAryayan _bby Krishna Kant Pathak |
||
| 250 | _a2रा संस्क | ||
| 260 |
_aबीकानेर _bविकास प्रकाशन _c2010 |
||
| 270 |
_aजुबली नागरी भण्डार,स्टेशन रोड, _bबीकानेर _e334001 _k0151-2541508 |
||
| 300 |
_a158पृ.. _c22सेमी (सजिल्द) _bसचित्र |
||
| 650 | _aभारतीय-आर्य | ||
| 650 | _aIndo-Aryans | ||
| 651 |
_aभारत _xसभ्यता |
||
| 651 |
_aIndia _xCivilization |
||
| 942 |
_2ddc _cHN _mपाठक _h954.01 |
||
| 999 |
_c77185 _d77185 |
||